<?xml version="1.0" encoding="UTF-8"?><?xml-stylesheet type="text/xsl" href="static/style.xsl"?><OAI-PMH xmlns="http://www.openarchives.org/OAI/2.0/" xmlns:xsi="http://www.w3.org/2001/XMLSchema-instance" xsi:schemaLocation="http://www.openarchives.org/OAI/2.0/ http://www.openarchives.org/OAI/2.0/OAI-PMH.xsd"><responseDate>2026-04-17T12:06:05Z</responseDate><request verb="GetRecord" identifier="oai:riubu.ubu.es:10259/4630" metadataPrefix="marc">https://riubu.ubu.es/oai/request</request><GetRecord><record><header><identifier>oai:riubu.ubu.es:10259/4630</identifier><datestamp>2022-04-26T11:42:12Z</datestamp><setSpec>com_10259_2699</setSpec><setSpec>col_10259_2705</setSpec></header><metadata><record xmlns="http://www.loc.gov/MARC21/slim" xmlns:doc="http://www.lyncode.com/xoai" xmlns:xsi="http://www.w3.org/2001/XMLSchema-instance" xmlns:dcterms="http://purl.org/dc/terms/" xsi:schemaLocation="http://www.loc.gov/MARC21/slim http://www.loc.gov/standards/marcxml/schema/MARC21slim.xsd">
<leader>00925njm 22002777a 4500</leader>
<datafield tag="042" ind1=" " ind2=" ">
<subfield code="a">dc</subfield>
</datafield>
<datafield tag="720" ind1=" " ind2=" ">
<subfield code="a">Busto Salinas, Lorena</subfield>
<subfield code="e">author</subfield>
</datafield>
<datafield tag="260" ind1=" " ind2=" ">
<subfield code="c">2015</subfield>
</datafield>
<datafield tag="520" ind1=" " ind2=" ">
<subfield code="a">El trabajo muestra las consecuencias de mantener departamentos de comunicación en cada gran hospital, como sucede en Galicia, frente a centralizar esta labor en el gobierno regional, como pasa en Castilla y León. Para ello, se han realizado entrevistas y encuestas a los encargados de comunicación de cada centro. Asimismo, se ha realizado un análisis de prensa, un estudio de la participación en las noticias de internet y un análisis de la valoración y satisfacción hacia la sanidad. Así, se ha comprobado que  los centros privados y las empresas externas tienden a hacer un mejor uso. La calidad de las informaciones es superior en los lugares que tienen más gabinetes de comunicación. En estos sitios, los ciudadanos participan más en las informaciones, consideran la salud y la sanidad temas más trascendentes, tienen una mayor valoración de la sanidad pública y elegirían antes esta titularidad frente a la privada.</subfield>
</datafield>
<datafield tag="024" ind2=" " ind1="8">
<subfield code="a">http://hdl.handle.net/10259/4630</subfield>
</datafield>
<datafield tag="024" ind2=" " ind1="8">
<subfield code="a">10.36443/10259/4630</subfield>
</datafield>
<datafield ind1=" " ind2=" " tag="653">
<subfield code="a">Relaciones públicas</subfield>
</datafield>
<datafield ind1=" " ind2=" " tag="653">
<subfield code="a">Comunicación sanitaria</subfield>
</datafield>
<datafield ind1=" " ind2=" " tag="653">
<subfield code="a">Análisis de prensa</subfield>
</datafield>
<datafield ind1=" " ind2=" " tag="653">
<subfield code="a">Medios de comunicación</subfield>
</datafield>
<datafield ind1=" " ind2=" " tag="653">
<subfield code="a">Participación del lector</subfield>
</datafield>
<datafield ind1=" " ind2=" " tag="653">
<subfield code="a">Public relations</subfield>
</datafield>
<datafield ind1=" " ind2=" " tag="653">
<subfield code="a">Health communication</subfield>
</datafield>
<datafield ind1=" " ind2=" " tag="653">
<subfield code="a">Press analysis</subfield>
</datafield>
<datafield ind1=" " ind2=" " tag="653">
<subfield code="a">Mass media</subfield>
</datafield>
<datafield ind1=" " ind2=" " tag="653">
<subfield code="a">Audience participation</subfield>
</datafield>
<datafield tag="245" ind1="0" ind2="0">
<subfield code="a">La comunicación sanitaria y sus implicaciones en las actitudes e información accesible a los ciudadanos: estudio comparativo entre Castilla y León y Galicia</subfield>
</datafield>
</record></metadata></record></GetRecord></OAI-PMH>